O conto do esquilo (Registo nº 1560)

Detalhes MARC
000 -Etiqueta do registo
Cabeçalho 00738nam0a2200253 4500
005 - Identificador da versão
Campo de controlo 20240813121840.0
100 ## - Dados gerais de processamento
Dados gerais de processamento 20160303f2012 m y0pory5003 ba
102 ## - Pais de publicação ou produção
País de publicação Portugal
101 0# - Língua de publicação
Língua do texto, banda sonora, etc. Português
215 ## - Descrição física 
Indicação específica da natureza do documento e extensão da espécie 27, [4] p.
Outras indicações físicas il. color
200 1# - Titulo e menção de responsabilidade
Título próprio O conto do esquilo
Primeira menção de responsabilidade il. cient. Fernando Correia
210 ## - Publicação, Distribuição, etc. 
Lugar da edição, distribuição, etc. [S.l.]
Nome do editor, distribuidor, etc. EUZoos-XXI
Data da publicação, distribuição, etc. [2012?]
606 ## - Nome comum usado como assunto
Número de registo de entrada de autoridade 0002686
Palavra de ordem Zoologia
Subdivisão de assunto Animais
Código do sistema CA
Número de registo de entrada de autoridade 0002687
Palavra de ordem Habitat
Subdivisão de assunto Meio natural
Código do sistema CA
Número de registo de entrada de autoridade 0002688
Palavra de ordem Ecologia
Código do sistema CA
Número de registo de entrada de autoridade 0002689
Palavra de ordem Biodiversidade
Código do sistema CA
675 ## - Classificação Decimal Universal (CDU)
Notação 574
Edição 3ª ed.
Língua da edição por
Notação 59
Edição 3ª ed.
Língua da edição por
702 #1 - Nome de autor-pessoa física (responsabilidade secundária)
Número de registo de entrada de autoridade 0002685
Palavra de ordem Correia
Outra parte do nome não tomada para palavra de ordem Fernando
Datas 1967-
Código de função Ilustrador / Técnico de desenho computorizado
966 ## - Identificação da Biblioteca
Sigla EB2,3ENM
942 ## - Elementos de entrada adicionados (Koha)
Tipo de item no Koha Livro
Exemplares
Situação do levantamento Origin of item (home branch) (coded) Biblioteca de empréstimo Código de barras Cota Circulation type (not for loan) Tipo de documento Nota do exemplar Damaged status
  Biblioteca Escolar Eng. Nuno Mergulhão Biblioteca Escolar Eng. Nuno Mergulhão BENM3683 57 CON   Livro Sem mensagem